Characters A-Z - Statistics

General Stats
  • This quiz has been taken 51 times
  • The average score is 18 of 26
Answer Stats
Picture Answer % Correct
Buzz Lightyear
98%
Donald Duck
98%
Nemo
93%
Peter Pan
93%
Elsa
91%
Fiona
89%
Jasmine
89%
Simba
89%
Yoda
87%
Alice
84%
Rapunzel
84%
Happy
80%
Olaf
80%
Cat in the hat
78%
Ursula
78%
Wendy
78%
Gaston
73%
Merida
64%
Tiana
56%
Kristoff
47%
Luigi
47%
Vision
47%
Isabella
44%
Zazu
33%
Quirinus Quirrell
20%
Xenophilius Lovegood
20%
No matching quizzes found
Score Distribution
Percent of People with Each Score
Percentile by Number Answered
Your Score History
You have not taken this quiz